| Tag |
First Indicator |
Second Indicator |
Subfields |
| LEADER |
00000cam a2200000 a 4500 |
| 001 |
in00001127321 |
| 005 |
20150930073554.0 |
| 008 |
911030s1991 mnu b s001 0 eng d |
| 035 |
|
|
|a (OCoLC)24645981
|
| 035 |
|
|
|9 AFW7590AM
|
| 040 |
|
|
|a EEM
|c EEM
|d AGX
|d AGL
|d TXA
|d UtOrBLW
|
| 049 |
|
|
|a TXAM
|
| 070 |
0 |
|
|a Z5074.A815A57
|b 1991
|
| 072 |
|
0 |
|a F000
|a L000
|a S000
|
| 090 |
|
|
|a S494.5.A65
|b A4 1991
|
| 245 |
0 |
0 |
|a Alternative agricultural opportunities :
|b a bibliography /
|c Center for Alternative Plant and Animal Products, University of Minnesota.
|
| 264 |
|
1 |
|a St. Paul, MN :
|b Center for Alternative Plant and Animal Products, University of Minnesota,
|c [1991]
|
| 300 |
|
|
|a ii, 106 pages ;
|c 28 cm.
|
| 336 |
|
|
|a text
|b txt
|2 rdacontent
|
| 337 |
|
|
|a unmediated
|b n
|2 rdamedia
|
| 338 |
|
|
|a volume
|b nc
|2 rdacarrier
|
| 500 |
|
|
|a "Funded by a special grant from the Extension Service, United States Department of Agriculture."
|
| 500 |
|
|
|a Includes index.
|
| 500 |
|
|
|a "September 1991."
|
| 650 |
|
0 |
|a Alternative agriculture
|x Bibliography.
|
| 650 |
|
0 |
|a Agriculture
|v Bibliography.
|
| 650 |
|
0 |
|a Agriculture
|x Economic aspects
|v Bibliography.
|
| 650 |
|
0 |
|a Forests and forestry
|v Bibliography.
|
| 710 |
2 |
|
|a Center for Alternative Plant and Animal Products.
|
| 710 |
1 |
|
|a United States.
|b Extension Service.
|
| 740 |
0 |
|
|a Alternative agricultural opportunities, a bibliography.
|
| 948 |
|
|
|a C:BLW
|d 20040915
|
| 999 |
|
|
|a MARS
|
| 999 |
f |
f |
|s 2a793fb9-c892-3d9b-8638-15ee328745e0
|i a33687f3-ae80-33e1-9d8b-3323b21f30f9
|t 0
|
| 952 |
f |
f |
|p ric
|a Texas A&M University
|b Rellis Campus
|c Joint Library Facility
|d Remote Storage
|t 0
|e S494.5.A65 A4 1991
|h Library of Congress classification
|i unmediated -- volume
|m A14817131453
|
| 998 |
f |
f |
|a S494.5.A65 A4 1991
|t 0
|l Remote Storage
|